Leadership and organizational climate : (Record no. 362886)
[ view plain ]
| 000 -LEADER | |
|---|---|
| fixed length control field | 00509nam a2200145Ia 4500 |
| 008 - FIXED-LENGTH DATA ELEMENTS--GENERAL INFORMATION | |
| fixed length control field | 200110s9999 xx 000 0 und d |
| 020 ## - INTERNATIONAL STANDARD BOOK NUMBER | |
| International Standard Book Number | 9.7801303219e+012 |
| 100 ## - MAIN ENTRY--PERSONAL NAME | |
| Personal name | Stringer, Robert |
| 245 ## - TITLE STATEMENT | |
| Statement of responsibility, etc | Robert Stringer.-- |
| Title | Leadership and organizational climate : |
| Remainder of title | the cloud chamber effect / |
| 260 ## - PUBLICATION, DISTRIBUTION, ETC. (IMPRINT) | |
| Place of publication, distribution, etc | Upper Saddle River, N.J. : |
| Name of publisher, distributor, etc | Prentice Hall, |
| Date of publication, distribution, etc | 2002 |
| 300 ## - PHYSICAL DESCRIPTION | |
| Extent | xxvi, 308 pages |
| Dimensions | 20.5 cm. |
| 500 ## - GENERAL NOTE | |
| General note | Incldes references and index. |
| 650 ## - SUBJECT ADDED ENTRY--TOPICAL TERM | |
| Topical term or geographic name as entry element | Leadership. |
| 650 ## - SUBJECT ADDED ENTRY--TOPICAL TERM | |
| Topical term or geographic name as entry element | Organizational behavior. |
| Withdrawn status | Lost status | Damaged status | Home library | Current library | Shelving location | Date acquired | Total Checkouts | Full call number | Barcode | Date last seen | Price effective from | Koha item type |
|---|---|---|---|---|---|---|---|---|---|---|---|---|
| Southville International School Affiliated with Foreign Universities Library | Southville International School Affiliated with Foreign Universities Library | Southville Foreign University Section | 01/10/2020 | HD 57.7 .S783 2002 | SFU0555 | 01/10/2020 | 01/10/2020 | Books |